[Event "GER-ch U18"]
[Site "Willingen"]
[Date "2017.06.10"]
[Round "9"]
[White "Philippi, Aidan"]
[Black "Hesse, Henrik"]
[Result "0-1"]
[WhiteElo "1664"]
[BlackElo "2184"]
[PlyCount "70"]
[EventDate "2017.06.04"]
[EventType "swiss"]
[EventRounds "9"]
[EventCountry "GER"]
[SourceTitle "CBM 178 Extra"]
[Source "ChessBase"]
[SourceDate "2017.06.22"]
[SourceVersion "1"]
[SourceVersionDate "2017.06.22"]
[SourceQuality "1"]

1. e4 c5 2. Nf3 e6 3. d4 cxd4 4. Nxd4 Nc6 5. Nc3 Qc7 6. Be2 Nf6 7. 0-0 Be7 8. Kh1 0-0 9. f4 d6 10. Be3 a6 11. Bf3 Nxd4 12. Bxd4 e5 13. Be3 exf4 14. Bxf4 Be6 15. Nd5 Bxd5 16. exd5 Nd7 17. Re1 Bf6 18. c3 Be5 19. Bxe5 Nxe5 20. Be2 Qc5 21. Rc1 b5 22. a4 Rfe8 23. Qd4 Rac8 24. Red1 Nc4 25. Bxc4 bxc4 26. Qxc5 Rxc5 27. Re1 Re5 28. Rxe5 dxe5 29. Rd1 Kf8 30. d6 Ke8 31. g4 Kd7 32. Kg2 Rc6 33. Kf3 Rxd6 34. Rxd6+ Kxd6 35. Ke4 f6 0-1